| 000 | 01139cam a2200289 4500 | ||
|---|---|---|---|
| 001 | 19202 | ||
| 005 | 20230404125950.0 | ||
| 008 | 060907s1997 it por | ||
| 035 | _9funglode19352 | ||
| 050 | 1 | 4 |
_a103 F 2646 _bL131r 1997 |
| 082 | 0 | 0 | _a981/.53 |
| 100 | 1 |
_aLacerda, Luiz Claudio da Vinha, _d1962- |
|
| 245 | 1 | 0 |
_aRio de Janeiro 360 / _cfotografias de, Luiz Claudio da Vinha Lacerda, Rogério Randolph Sverner ; introducão de, Marina Colasanti |
| 246 | 1 | 0 | _aRio de Janeiro |
| 246 | 3 | _aRio de Janeiro trezentos e sessenta graus | |
| 246 | 3 | _aRio de Janeiro three hundred and sixty degrees | |
| 260 |
_aIvrea, Italy : _bPriuli & Verlucca, Editori, _c1997 |
||
| 300 |
_a1 v., [78 p.] : _bill. (some col.) ; _c30 x 34 cm. |
||
| 651 | 0 |
_aRio de Janeiro (Brazil) _vPictorial works. |
|
| 651 | 0 |
_aRio de Janeiro (Brazil) _xDescription and travel. |
|
| 650 | 0 | _aPhotography, Panoramic. | |
| 651 | 4 |
_aRío de Janeiro (Brasil) _xDescripcíon. |
|
| 651 | 4 |
_aRío de Janeiro (Brasil) _vFotografías |
|
| 651 | 4 |
_aRío de Janeiro (Brasil) _xVida social y costumbres |
|
| 700 | 1 | _aSverner, Rogério Randolph. | |
| 942 |
_2lcc _cbk |
||
| 999 |
_c8227 _d8227 |
||